[Event "RUS-ch U26"]
[Site "Novokuznetsk"]
[Date "2007.10.30"]
[Round "9"]
[White "Artamonov, Pavel"]
[Black "Biryukov, Dmitriy"]
[Result "1/2-1/2"]
[WhiteElo "2192"]
[BlackElo "2282"]
[PlyCount "110"]
[EventDate "2007.10.22"]
[EventType "swiss"]
[EventRounds "9"]
[EventCountry "RUS"]
[SourceTitle "EXT 2009"]
[Source "ChessBase"]
[SourceDate "2008.11.26"]
[SourceVersion "1"]
[SourceVersionDate "2008.11.26"]
[SourceQuality "1"]

1. d4 d6 2. Nf3 Nf6 3. c4 Nbd7 4. Nc3 e5 5. e4 g6 6. Be2 Bg7 7. d5 Nc5 8. Qc2 a5 9. 0-0 0-0 10. Bg5 h6 11. Be3 b6 12. Nd2 Ng4 13. Bxg4 Bxg4 14. a3 Bd7 15. b4 Nb7 16. c5 bxc5 17. bxc5 Nxc5 18. Bxc5 dxc5 19. Na4 Qg5 20. Nf3 Bxa4 21. Qxa4 Qe7 22. Nd2 Ra7 23. Rab1 Rfa8 24. Nc4 Bf8 25. Rb3 Qe8 26. Qxe8 Rxe8 27. a4 Bd6 28. Rfb1 f5 29. f3 fxe4 30. fxe4 Rf8 31. Rb8 Ra8 32. Rxa8 Rxa8 33. g3 Kf7 34. Rb5 Ke7 35. Rxa5 Rf8 36. Kg2 Kf6 37. Rb5 Ra8 38. a5 Ke7 39. Kf3 h5 40. Ke2 Kf6 41. Kd3 Kg5 42. Rb2 Kg4 43. Ra2 Ra6 44. Nd2 Kh3 45. Nb3 c6 46. dxc6 Rxc6 47. Kc4 Bb8 48. a6 Ba7 49. Kd5 Rb6 50. Nd2 Rb4 51. Nc4 g5 52. Na5 c4 53. Nxc4 Rb5+ 54. Kc6 Rb4 55. Nd6 Rb8 1/2-1/2

[Event "RUS-ch U26"]
[Site "Novokuznetsk"]
[Date "2007.10.25"]
[Round "4"]
[White "Artamonov, Pavel"]
[Black "Solovyov, Sergey V"]
[Result "1-0"]
[WhiteElo "2192"]
[BlackElo "2083"]
[PlyCount "93"]
[EventDate "2007.10.22"]
[EventType "swiss"]
[EventRounds "9"]
[EventCountry "RUS"]
[SourceTitle "EXT 2009"]
[Source "ChessBase"]
[SourceDate "2008.11.26"]
[SourceVersion "1"]
[SourceVersionDate "2008.11.26"]
[SourceQuality "1"]

1. d4 d5 2. Nf3 Nf6 3. c4 dxc4 4. e3 Bg4 5. Bxc4 e6 6. 0-0 Nc6 7. Nbd2 Bd6 8. Bb5 0-0 9. Bxc6 bxc6 10. Qc2 Qd7 11. b3 a5 12. Bb2 Rfb8 13. Rfc1 Ra6 14. Ne5 Qe8 15. Nxg4 Nxg4 16. h3 Nf6 17. Qd3 Raa8 18. a4 Qe7 19. Rab1 Nd5 20. Bc3 c5 21. dxc5 Bxc5 22. Ba1 f5 23. Nc4 Qg5 24. Be5 Ra7 25. Re1 Rf8 26. Bd4 Bxd4 27. exd4 Rf6 28. Ne5 Rb7 29. Nf3 Qh5 30. Qa6 Rb6 31. Qc8+ Rf8 32. Qd7 Rd6 33. Qb5 g5 34. Rxe6 Rxe6 35. Qxd5 Qf7 36. Ne5 Qe7 37. Qxa5 Qd6 38. Qd2 h6 39. Rd1 Rd8 40. Nc4 Qd5 41. a5 c5 42. dxc5 Qxd2 43. Rxd2 Rxd2 44. Nxd2 Kf7 45. Nc4 Re1+ 46. Kh2 Rb1 47. a6 1-0

[Event "RUS-ch U26"]
[Site "Novokuznetsk"]
[Date "2007.10.23"]
[Round "2"]
[White "Artamonov, Pavel"]
[Black "Kuzmitskaya, Yana"]
[Result "1-0"]
[WhiteElo "2192"]
[BlackElo "2063"]
[PlyCount "59"]
[EventDate "2007.10.22"]
[EventType "swiss"]
[EventRounds "9"]
[EventCountry "RUS"]
[SourceTitle "EXT 2009"]
[Source "ChessBase"]
[SourceDate "2008.11.26"]
[SourceVersion "1"]
[SourceVersionDate "2008.11.26"]
[SourceQuality "1"]

1. d4 d5 2. Nf3 Nf6 3. c4 c6 4. Nc3 e6 5. e3 Be7 6. Bd3 0-0 7. 0-0 dxc4 8. Bxc4 b5 9. Bd3 Bb7 10. e4 a6 11. Qc2 h6 12. Rd1 Nbd7 13. e5 Nd5 14. Nxd5 cxd5 15. Be3 Nb6 16. b3 Qd7 17. Qd2 f5 18. exf6 Bxf6 19. Re1 Nc8 20. Bf4 Nd6 21. Ne5 Bxe5 22. Bxe5 Nf7 23. Rac1 Nxe5 24. Rxe5 Qf7 25. Rce1 Bc8 26. Bb1 Bd7 27. R1e3 Qf4 28. g3 Qg4 29. Kg2 g5 30. Bg6 1-0

[Event "Capital of Sibiria op"]
[Site "Novosibirsk"]
[Date "2002.07.20"]
[Round "2"]
[White "Artamonov, Pavel"]
[Black "Popov, Roman2222"]
[Result "0-1"]
[WhiteElo "2151"]
[BlackElo "2293"]
[PlyCount "64"]
[EventDate "2002.07.19"]
[EventType "swiss"]
[EventRounds "9"]
[EventCountry "RUS"]
[SourceTitle "CBM 089 Extra"]
[Source "ChessBase"]
[SourceDate "2002.09.10"]
[SourceVersion "2"]
[SourceVersionDate "2002.09.10"]
[SourceQuality "1"]

1. d4 e6 2. c4 c5 3. e3 Nf6 4. Nf3 d5 5. Nc3 Nc6 6. cxd5 exd5 7. Be2 cxd4 8. Nxd4 Bd6 9. 0-0 0-0 10. Bf3 Be5 11. Nce2 Qd6 12. g3 Bh3 13. Re1 Rad8 14. b3 Bg4 15. Bxg4 Nxg4 16. Nf4 Qd7 17. Bb2 Rfe8 18. Qf3 Bxd4 19. Bxd4 Nge5 20. Bxe5 Nxe5 21. Qe2 Qf5 22. Rf1 g5 23. Qh5 h6 24. Rad1 Qe4 25. Ng2 Nf3+ 26. Kh1 Kg7 27. Rc1 Rd6 28. h3 Rf6 29. Rcd1 Rc8 30. Rc1 Rc2 31. Rxc2 Qxc2 32. Nf4 Rxf4 0-1

[Event "Capital of Sibiria op"]
[Site "Novosibirsk"]
[Date "2002.07.19"]
[Round "1"]
[White "Chigvintsev, Andrei"]
[Black "Artamonov, Pavel"]
[Result "0-1"]
[WhiteElo "2389"]
[BlackElo "2151"]
[PlyCount "106"]
[EventDate "2002.07.19"]
[EventType "swiss"]
[EventRounds "9"]
[EventCountry "RUS"]
[SourceTitle "CBM 089 Extra"]
[Source "ChessBase"]
[SourceDate "2002.09.10"]
[SourceVersion "2"]
[SourceVersionDate "2002.09.10"]
[SourceQuality "1"]

1. e4 c6 2. d3 d5 3. Nd2 e5 4. Qf3 Nf6 5. Qg3 Nbd7 6. Be2 dxe4 7. dxe4 g6 8. Nh3 Bg7 9. 0-0 0-0 10. a4 Nc5 11. Rd1 Qc7 12. Qe3 Bxh3 13. Qxc5 Be6 14. Ra3 Rfd8 15. Rd3 Rxd3 16. cxd3 Bf8 17. Qc3 Nd7 18. Nf3 Bg4 19. Be3 Bg7 20. d4 exd4 21. Bxd4 Bxd4 22. Qxd4 Nf8 23. Bc4 Ne6 24. Bxe6 Bxe6 25. h3 Qa5 26. Qf6 Qxa4 27. Rd4 Qb3 28. Ng5 h6 29. Nf3 Re8 30. Rd6 Qb4 31. Qf4 Kg7 32. Nd4 Bc8 33. Qf6+ Kg8 34. e5 Qe1+ 35. Kh2 Qe4 36. f4 c5 37. Nb5 Bf5 38. Qh4 g5 39. Qg3 Qxf4 40. Qxf4 gxf4 41. Rd5 Be6 42. Rxc5 a6 43. Nd6 Re7 44. Ne4 Kg7 45. Kg1 Rd7 46. Nf6 Rd1+ 47. Kf2 Rd2+ 48. Kf3 Rxb2 49. Nh5+ Kf8 50. Nxf4 Rb3+ 51. Kf2 Rb6 52. g4 Rc6 53. Rxc6 bxc6 0-1

[Event "Novosibirsk op"]
[Site "Novosibirsk"]
[Date "2001.07.25"]
[Round "7"]
[White "Artamonov, Pavel"]
[Black "Kazakov, Peter"]
[Result "0-1"]
[WhiteElo "2179"]
[BlackElo "2342"]
[PlyCount "90"]
[EventDate "2001.07.18"]
[EventType "swiss"]
[EventRounds "11"]
[EventCountry "RUS"]
[SourceTitle "CBM 083 Extra"]
[Source "ChessBase"]
[SourceDate "2001.09.11"]
[SourceVersion "1"]
[SourceVersionDate "2001.09.11"]
[SourceQuality "1"]

1. d4 d5 2. Nf3 Nf6 3. c4 e6 4. Nc3 c6 5. e3 Nbd7 6. Qc2 Bd6 7. e4 dxe4 8. Nxe4 Nxe4 9. Qxe4 Nf6 10. Qc2 h6 11. Bd2 Qe7 12. Bd3 b6 13. 0-0 0-0 14. Bc3 Bb7 15. Rfe1 Rad8 16. Rad1 Rfe8 17. Qe2 Bb4 18. Bxb4 Qxb4 19. a3 Qe7 20. b4 c5 21. bxc5 bxc5 22. d5 Qc7 23. dxe6 Rxe6 24. Qc2 Bxf3 25. gxf3 Red6 26. Be2 Qa5 27. Qb3 Rd4 28. Bf1 g6 29. Rxd4 cxd4 30. Qb4 Qg5+ 31. Kh1 Qf4 32. Kg2 d3 33. Qe7 Re8 34. Qxe8+ Nxe8 35. Rxe8+ Kg7 36. Bxd3 Qg5+ 37. Kf1 Qc1+ 38. Kg2 Qxa3 39. Be4 Qd6 40. Ra8 Qc7 41. Bd5 h5 42. Kg1 a5 43. Ra6 h4 44. Kg2 h3+ 45. Kg1 Qb8 0-1

[Event "Novosibirsk op"]
[Site "Novosibirsk"]
[Date "2001.07.23"]
[Round "5"]
[White "Artamonov, Pavel"]
[Black "Bespalov, Alexey"]
[Result "1/2-1/2"]
[WhiteElo "2179"]
[BlackElo "2325"]
[PlyCount "104"]
[EventDate "2001.07.18"]
[EventType "swiss"]
[EventRounds "11"]
[EventCountry "RUS"]
[SourceTitle "CBM 083 Extra"]
[Source "ChessBase"]
[SourceDate "2001.09.11"]
[SourceVersion "1"]
[SourceVersionDate "2001.09.11"]
[SourceQuality "1"]

1. d4 d5 2. Nf3 Nf6 3. c4 dxc4 4. e3 e6 5. Bxc4 c5 6. 0-0 a6 7. a4 Nc6 8. Nc3 cxd4 9. exd4 Be7 10. d5 exd5 11. Nxd5 Nxd5 12. Qxd5 Qxd5 13. Bxd5 Nb4 14. Be4 f5 15. Bb1 0-0 16. Bd2 Rd8 17. Bxb4 Bxb4 18. Ba2+ Kf8 19. Rfd1 Bd7 20. Ng5 Ke7 21. Bb3 h6 22. Nf7 Rdc8 23. Ne5 Be8 24. Rac1 Rxc1 25. Rxc1 Kf6 26. Nc4 Rc8 27. Rd1 Bf7 28. Rd4 b5 29. axb5 axb5 30. Nb6 Rc1+ 31. Rd1 Rxd1+ 32. Bxd1 Ke7 33. Nc8+ Kd7 34. Na7 Bc4 35. Bf3 Kd6 36. Nc6 Bd2 37. Nd4 g6 38. Bd1 Bc1 39. b3 Bd3 40. Bc2 Bxc2 41. Nxc2 Kd5 42. Kf1 g5 43. Ke2 g4 44. f3 h5 45. Kd3 Bb2 46. Ne1 Ke5 47. Kc2 Ba3 48. Kd3 Bc5 49. Kc3 Bd6 50. Nd3+ Kd5 51. h3 gxh3 52. gxh3 Bb8 1/2-1/2

[Event "RUS-ch Schools"]
[Site "Novokuznetsk"]
[Date "2001.??.??"]
[Round "4"]
[White "Artamonov, Pavel"]
[Black "Bedarev, Sergey"]
[Result "1/2-1/2"]
[WhiteElo "2179"]
[BlackElo "2302"]
[PlyCount "69"]
[EventDate "2001.10.??"]
[EventType "swiss"]
[EventRounds "9"]
[EventCountry "RUS"]
[SourceTitle "CBM 085 Extra"]
[Source "ChessBase"]
[SourceDate "2002.01.21"]
[SourceVersion "1"]
[SourceVersionDate "2002.01.21"]
[SourceQuality "1"]

1. d4 Nf6 2. Nf3 g6 3. c4 Bg7 4. Nc3 0-0 5. e4 d6 6. Be2 e5 7. d5 a5 8. 0-0 Na6 9. Bg5 Nc5 10. Qc2 Bd7 11. Nd2 h6 12. Bh4 Qc8 13. b3 Nh7 14. a3 f5 15. f3 f4 16. b4 Na6 17. Rab1 g5 18. Bf2 h5 19. c5 axb4 20. axb4 Qe8 21. c6 Bc8 22. cxb7 Bxb7 23. b5 Nc5 24. b6 c6 25. dxc6 Bxc6 26. Nc4 Nb7 27. Rfd1 Rd8 28. Qb3 Kh8 29. Nb5 Qg6 30. Qb4 g4 31. Bh4 gxf3 32. Bxf3 d5 33. Nd2 Bf6 34. Bxf6+ Nxf6 35. exd5 1/2-1/2